The noble scholar, jurist, historian


 His Excellency Dr. Abdul Wahhab bin Ibrahim Abu Sulaiman, may Allah have mercy on him.


 He was born in Umm Al-Qura in the year 1356 AH.

مستقبل الإسلام خارج أرضه : (Record no. 11187)

MARC details
000 -LEADER
fixed length control field 01792cam a2200313 i 4500
003 - CONTROL NUMBER IDENTIFIER
control field SA-RiAUC
005 - DATE AND TIME OF LATEST TRANSACTION
control field 20250827065758.0
008 - FIXED-LENGTH DATA ELEMENTS--GENERAL INFORMATION
fixed length control field 250824s1997 ua g 00000 ara c
020 ## - INTERNATIONAL STANDARD BOOK NUMBER
International Standard Book Number 9771937715
024 0# - OTHER STANDARD IDENTIFIER
Standard number or code 00000000966604
040 ## - CATALOGING SOURCE
Original cataloging agency SA-RiAUC
Language of cataloging ara
Transcribing agency SA-RiAUC
Modifying agency AE-DuMBRL
Description conventions rda
050 #4 - LIBRARY OF CONGRESS CALL NUMBER
Item number A2 1997
082 04 - DEWEY DECIMAL CLASSIFICATION NUMBER
Classification number 213
Assigning agency SA-RiAUC
090 ## - LOCALLY ASSIGNED LC-TYPE CALL NUMBER (OCLC); LOCAL CALL NUMBER (RLIN)
Classification number (OCLC) (R) ; Classification number, CALL (RLIN) (NR) 213
Local cutter number (OCLC) ; Book number/undivided call number, CALL (RLIN) غ ز ا
100 1# - MAIN ENTRY--PERSONAL NAME
Personal name الغزالي، محمد،
Dates associated with a name 1917-1996
Relator term مؤلف.
245 10 - TITLE STATEMENT
Title مستقبل الإسلام خارج أرضه :
Remainder of title كيف نفكر فيه ؟ /
Statement of responsibility, etc. محمد الغزالي.
250 ## - EDITION STATEMENT
Edition statement الطبعة الأولى.
264 #1 - PRODUCTION, PUBLICATION, DISTRIBUTION, MANUFACTURE, AND COPYRIGHT NOTICE
Place of production, publication, distribution, manufacture القاهرة ؛
-- عمان، الأردن :
Name of producer, publisher, distributor, manufacturer دار الشروق،
Date of production, publication, distribution, manufacture, or copyright notice 1997.
300 ## - PHYSICAL DESCRIPTION
Extent 103 صفحة ؛
Dimensions 24 سم
336 ## - CONTENT TYPE
Content type term نص
Content type code txt
Source rdacontent
Materials specified كتاب
337 ## - MEDIA TYPE
Media type term بدون وسيط
Media type code n
Source rdamedia
338 ## - CARRIER TYPE
Carrier type term مجلد
Carrier type code nc
Source rdacarrier
520 ## - SUMMARY, ETC.
Summary, etc. يتناول كتاب (مستقبل الإسلام خارج أرضه) والذي قام بتأليفه محمد الغزالي، في حوالي (104) صفحة من القطع المتوسط موضوع (مستقبل الإسلام) الكتاب يعرض فيه المؤلف الأسباب التي دعت كثير من الفرنسيين إلى الرضا بالإسلام دينا، ورأيه من المدنية الحديثة والتي حولت البشر إلى عبيد، تحيا ليومها وتذهل عن آخرتها، ولا تفكر تفكيرا جادا في مرضاة الله والعمل له.
650 #7 - SUBJECT ADDED ENTRY--TOPICAL TERM
Topical term or geographic name entry element الإسلام
Source of heading or term aucsh
650 #7 - SUBJECT ADDED ENTRY--TOPICAL TERM
Topical term or geographic name entry element الدعوة الإسلامية
Source of heading or term aucsh
942 ## - ADDED ENTRY ELEMENTS (KOHA)
Source of classification or shelving scheme Dewey Decimal Classification
Koha item type Books
Suppress in OPAC No
949 ## - LOCAL PROCESSING INFORMATION (OCLC)
a SA-JeALM
d 250824
u mohamedma123
n 1
Holdings
Withdrawn status Lost status Source of classification or shelving scheme Damaged status Not for loan Home library Current library Date acquired Total checkouts Full call number Barcode Date last seen Price effective from Koha item type
    Dewey Decimal Classification     DR AbdElwahab Library DR AbdElwahab Library 08/27/2025   213 غ ز ا 000018142 08/27/2025 08/27/2025 Books